English County Towns - Statistics

General Stats
  • This quiz has been taken 341 times
  • The average score is 25 of 39
Answer Stats
Hint Answer % Correct
Bedfordshire Bedford
95%
Cambridgeshire Cambridge
92%
Cheshire Chester
85%
Lincolnshire Lincoln
83%
Oxfordshire Oxford
83%
Gloucestershire Gloucester
82%
Leicestershire Leicester
82%
Nottinghamshire Nottingham
82%
Cornwall Truro
82%
Herefordshire Hereford
81%
Northamptonshire Northampton
80%
County Durham Durham
79%
Norfolk Norwich
79%
Warwickshire Warwick
77%
Worcestershire Worcester
77%
Cumbria Carlisle
74%
Lancashire Lancaster
74%
Devon Exeter
73%
Berkshire Reading
73%
Staffordshire Stafford
73%
Suffolk Ipswich
69%
Hertfordshire Hertford
66%
Essex Chelmsford
58%
Shropshire Shrewsbury
58%
Dorset Dorchester
54%
Surrey Guildford
54%
Somerset Taunton
54%
Kent Maidstone
52%
Buckinghamshire Aylesbury
51%
Hampshire Winchester
51%
Isle of Wight Newport
47%
East Sussex Lewes
44%
Derbyshire Matlock
42%
Rutland Oakham
41%
East Riding of Yorkshire Beverley
39%
West Sussex Chichester
37%
North Yorkshire Northallerton
32%
Wiltshire Trowbridge
32%
Northumberland Alnwick
30%
No matching quizzes found
Score Distribution
Percent of People with Each Score
Percentile by Number Answered
Your Score History
You have not taken this quiz